| 000 | 00949cam a22002894a 4500 | ||
|---|---|---|---|
| 999 |
_c4610 _d4610 |
||
| 001 | 17175202 | ||
| 003 | OSt | ||
| 005 | 20250306082631.0 | ||
| 008 | 120221s2012 nyua b 000 0aeng | ||
| 010 | _a 2012003094 | ||
| 020 | _a9780307952202 | ||
| 040 |
_aDLC _cDLC _dDLC _dKH8 |
||
| 043 |
_an-us--- _bn-us-hi |
||
| 082 | 0 | 0 |
_a796.42 ROL _223 |
| 100 | 1 |
_aRoll, Rich, _eauthor. |
|
| 245 | 1 | 0 |
_aFinding Ultra : _brejecting middle age, becoming one of the world's fittest men, and discovering myself / _cRich Roll. |
| 250 | _a1st ed. | ||
| 260 |
_aNew York, NY : _bCrown Archetype, _cc2012. |
||
| 300 |
_axvi, 272 p. : _bcol. ill. ; _c24 cm. |
||
| 504 | _aIncludes bibliographical references (p. [263]-268). | ||
| 600 | 1 | 0 | _aRoll, Rich. |
| 611 | 2 | 0 | _aUltraman World Championships. |
| 650 | 0 |
_aTriathletes _zUnited States _vBiography. |
|
| 650 | 0 |
_aOlder athletes _zUnited States _vBiography. |
|
| 650 | 0 | _aIronman triathlons. | |
| 942 |
_2ddc _cNFIC |
||